| 000 | 00643nam a2200205Ia 4500 | ||
|---|---|---|---|
| 003 | OSt | ||
| 005 | 20251201153748.0 | ||
| 008 | 220923b |||||||| |||| 00| 0 san d | ||
| 037 | _cTB | ||
| 040 |
_aARTS _cARTS _bsan |
||
| 041 |
_2san _asan |
||
| 084 |
_aQ125:23 15M2.1-.2 _qAL |
||
| 245 | 0 | _aTaittiriya aranyaka of the Black Yag Yajurvada ed by Rajendra Lal Mitra | |
| 260 |
_aOsnabrgubruk,Germany: _bBiblio Verlag; _c1982. |
||
| 490 | _aBibliotheca India; 52,142 | ||
| 650 |
_aRELIGION _9853746 |
||
| 700 |
_aSayana _eComm. _9853747 |
||
| 942 |
_hQ125:23 15M2.1-.2 _cTB _2CC _n0 |
||
| 999 |
_c421039 _d421039 |
||